Mathematical model of aerobic stabilization of old landfills

Bibliographic Details
Main Authors: Krzystek, Liliana (Author), Slezak, Radoslaw (Author), Ledakowicz, Stanislaw (Author)
Format: Article
Language:English
Subjects:

MARC

LEADER 00000nab a2200000uu 4500
001 vtls010878261
003 SK-MaSNL
005 20260305020231.0
008 230303|2012 xo |||||||||||||||||eng|
015 |a SNBRB 
035 |a (urnnbn)urn:nbn:sk:snk:ar-005uyd 
035 |a (uuid)420ebb74-c5a6-41ea-b7c9-127cd14c074d 
035 |a urn:nbn:sk:snk-ab7mhn 
040 |a SNKBUCL  |b slo  |c SNKBUCL  |e AACR2 
041 0 |a eng 
044 |a xo  |c SK 
080 |a 628.472  |2 2001 
080 |a 628.336.6  |2 2001 
100 1 |a Krzystek, Liliana  |4 aut  |9 1187183 
245 1 0 |a Mathematical model of aerobic stabilization of old landfills  |c Liliana Krzystek, Radoslaw Slezak, Stanislaw Ledakowicz 
504 |a Bibliogr. odkazy 
650 0 7 |a skládky odpadu  |2 SNKPH  |9 16790 
650 0 7 |a bioplyn  |2 SNKPH  |9 16493 
650 0 7 |a oxid uhličitý  |2 SNKPH  |9 17291 
655 7 |a štúdie  |2 SNKPH  |9 57033 
700 1 |a Slezak, Radoslaw  |4 aut  |9 1187193 
700 1 |a Ledakowicz, Stanislaw  |4 aut  |9 1187184 
773 0 |t Chemical papers  |g Roč. 66, č. 6 (2012), s. [543]-549 
958 |a NB 
958 |a OND 
958 |a EUIPO 
958 |a article8 
999 |c 3279607  |d 3281537